| 000 | 00384nam a2200145Ia 4500 | ||
|---|---|---|---|
| 005 | 20260328104333.0 | ||
| 008 | 260328s9999||||xx |||||||||||||| ||und|| | ||
| 100 | _aGouverneur, David | ||
| 245 | 0 |
_aDiseƱo de Nuevos Asentamientos inFormales / _cDavid Gouverneur |
|
| 250 | _a1a ed. | ||
| 260 | _bUniversidad de La Salle | ||
| 300 | _a415 p. | ||
| 650 | _aURBANISMO | ||
| 942 | _cBK | ||
| 999 |
_c11803 _d11803 |
||